000 00421nam a22001697a 4500
003 OSt
008 250419b |||||||| |||| 00| 0 eng d
020 _a9789356814721
082 _a371.120 BHC
100 _aBHARDWAJ,AP
245 _aConcise GK a blend of 6K One Liners and 3KMCQs
250 _a2nd Ed
260 _aNew Delhi
_bGK Publication(p) Ltd.
_c2025
300 _aMISC
650 _aGeneral
942 _2ddc
_cBK
999 _c13340
_d13340